000 00519nam a22001937a 4500
005 20251108165440.0
008 250721s1984 xx 000 0 ara d
082 1 4 _aم/956.05/أحم
100 1 _aأمين، أحمد
245 1 0 _aضحى الإسلام /
250 _aط10
264 1 _aالقاهرة :
_bمكتبة النهضة المصرية،
_c1984.
300 _a
650 1 7 _aالعباسيون 750-1258
650 1 7 _aالعرب
650 1 7 _aالتاريخ
942 _2ddc
_cREF
999 _c28165
_d28165